Guia de tramitació d'expedients d'activitats i establiments
Descripción Física:
246 pàgines : taules ; 30 cm
Materias:
Contractes administratius -- Barcelona (Catalunya : Província)
; Procediment administratiu -- Barcelona (Província)
; Manuals, vademècums, etc.
Idioma:
Catalán
MARC
| LEADER | 00000nam a2200000 a 4500 | ||
|---|---|---|---|
| 001 | 25960 | ||
| 005 | 20260324181124.0 | ||
| 008 | 220616b spa||||| |||| 00| 0 cat d | ||
| 017 | |a DL B 6806-2016 | ||
| 080 | |a Bib-675 | ||
| 245 | 0 | 0 | |a Guia de tramitació d'expedients d'activitats i establiments |
| 250 | |a 3a edició | ||
| 260 | |a Barcelona: |b Diputació de Barcelona, |c maig 2016 | ||
| 300 | |a 246 pàgines : |b taules ; |c 30 cm | ||
| 506 | 0 | |f Unrestricted online access |2 star | |
| 650 | 0 | 0 | |a Contractes administratius |z Barcelona (Catalunya : Província) |9 53486 |
| 650 | 0 | 0 | |a Procediment administratiu |9 53487 |z Barcelona (Província) |
| 655 | 0 | |a Manuals, vademècums, etc. |9 52956 | |
| 710 | 1 | |a Barcelona (Catalunya : Província). |b Gerència de Serveis d'Habitatge, Urbanisme i Activitats |9 52885 | |
| 908 | |a BCNexplor@ | ||
| 940 | |a BCNexplor@ | ||
| 942 | |2 udc |c ARXIU |n 1 | ||
| 952 | |0 0 |1 0 |4 0 |6 BIB675 |7 1 |9 62425 |a Arxiu |b Arxiu |d 2022-06-16 |l 0 |o Bib-675 |p 25960 |r 2022-06-16 00:00:00 |w 2022-06-16 |y ARXIU | ||
| 999 | |c 82066 |d 82066 | ||